[Event "Let's Play Chess!"]
[Site "http://www.queenalice.com/game.php?id=1636286"]
[Date "2020.12.13"]
[Round "-"]
[White "Scaracioli"]
[Black "ulisses67"]
[Result "1-0"]
[WhiteElo "1621"]
[BlackElo "1471"]

1. e4 e6 2. e5 d5 3. d4 Bb4+ 4. c3 Ba5 5. Nf3 h6 6. b4 Bb6 7. a4 a5 8. b5 Ne7 9.
g4 h5 10. g5 g6 11. h4 Ng8 12. Na3 c6 13. c4 cxb5 14. cxb5 Ne7 15. Bd3 Nd7 16.
Be3 Ba7 17. Rc1 Nb6 18. Bd2 Nc4 19. Nxc4 dxc4 20. Rxc4 Nd5 21. Qc1 Nb4 22. Bxb4
1-0

[Event "Let's Play Chess!"]
[Site "http://www.queenalice.com/game.php?id=1636287"]
[Date "2020.12.13"]
[Round "-"]
[White "ulisses67"]
[Black "Scaracioli"]
[Result "0-1"]
[WhiteElo "1461"]
[BlackElo "1631"]

1. c4 c5 2. d4 e6 3. e4 cxd4 4. Qxd4 Nc6 5. Qe3 Be7 6. Qg3 g6 7. Nf3 d6 8. e5
dxe5 9. Nxe5 Nxe5 10. Qxe5 Bf6 11. Qb5+ Qd7 12. Nc3 Bxc3+ 13. bxc3 Qxb5 14. cxb5
Nf6 15. c4 O-O 16. Bb2 Nd7 17. a4 b6 18. a5 Re8 19. axb6 Nxb6 20. c5 Nd5 21. b6
Bb7 22. Bb5 Re7 23. bxa7 Nb4 0-1

[Event "AUTO-INT-3615"]
[Site "http://www.queenalice.com/game.php?id=1636336"]
[Date "2020.12.13"]
[Round "1"]
[White "NickThorp"]
[Black "ulisses67"]
[Result "1-0"]
[WhiteElo "1618"]
[BlackElo "1435"]

1. e4 e5 2. Nf3 d5 3. d3 dxe4 4. Nxe5 exd3 5. Qxd3 Qf6 6. Ng4 Qe6+ 7. Ne3 Nf6 8.
Nc3 Ng4 9. Qb5+ c6 10. Qg5 Nxe3 11. Bxe3 h6 12. Qf4 g5 13. Qd4 Rh7 14. O-O-O Nd7
15. Bc4 Qf5 16. h3 Bc5 17. Qd6 Bxd6 18. Rxd6 Ne5 19. Bb3 g4 20. hxg4 Nxg4 21.
Re1 Qe5 22. Bd2 Ne3 23. Rxe3 1-0

[Event "AUTO-INT-3615"]
[Site "http://www.queenalice.com/game.php?id=1636337"]
[Date "2020.12.13"]
[Round "1"]
[White "ulisses67"]
[Black "NickThorp"]
[Result "0-1"]
[WhiteElo "1426"]
[BlackElo "1650"]

1. c4 e5 2. e4 Nf6 3. Qf3 Bc5 4. Nc3 d6 5. a3 Bg4 6. Qg3 Nc6 7. h3 Bh5 8. d3 Qd7
9. Bg5 O-O-O 10. Nd5 Rde8 11. Nxf6 gxf6 12. Bxf6 Rhg8 13. Qh4 Bg6 14. Be2 Nd4
15. Bd1 Qe6 16. Bg4 Nc2+ 17. Ke2 Nd4+ 18. Kf1 Nf5 19. Bxf5 Bxf5 20. exf5 Qxf5
21. Nf3 Qxd3+ 22. Kg1 Qe2 23. Rf1 Qxf3 24. g3 Bxf2+ 25. Rxf2 Rxg3+ 26. Kf1 Qd1#
0-1

[Event "AUTO-OPEN-4238"]
[Site "http://www.queenalice.com/game.php?id=1636362"]
[Date "2020.12.13"]
[Round "1"]
[White "RaulSoft"]
[Black "ulisses67"]
[Result "1-0"]
[WhiteElo "2639"]
[BlackElo "1356"]

1. d4 d5 2. c4 dxc4 3. Qa4+ Bd7 4. Qxc4 a6 5. Nf3 Be6 6. Qd3 h6 7. e4 g5 8. d5
Bg4 9. h4 Bxf3 10. Qxf3 f6 11. Qh5+ Kd7 12. Qg4+ Kd6 13. Qe6+ Kc5 14. a3 Nc6 15.
b4+ Nxb4 16. Be3# 1-0

[Event "AUTO-OPEN-4238"]
[Site "http://www.queenalice.com/game.php?id=1636363"]
[Date "2020.12.13"]
[Round "1"]
[White "ulisses67"]
[Black "RaulSoft"]
[Result "0-1"]
[WhiteElo "1352"]
[BlackElo "2663"]

1. c4 e5 2. e4 Bc5 3. Nf3 Nc6 4. d3 d6 5. Bg5 Nge7 6. a3 a5 7. Nh4 h6 8. Nf5
hxg5 9. Nxg7+ Kf8 10. Nh5 g4 11. Be2 Rxh5 12. Bxg4 Bxg4 13. Qxg4 Rh6 14. Qg5 Rg6
15. Qh4 Rxg2 16. Nd2 Ng6 17. Qh6+ Kg8 18. O-O-O Bxf2 19. Nf3 Nf4 20. Ne1 Rg6 21.
Rg1 Bxg1 0-1

[Event "Let's Play Chess!"]
[Site "http://www.queenalice.com/game.php?id=1637762"]
[Date "2020.12.26"]
[Round "-"]
[White "charles31"]
[Black "ulisses67"]
[Result "0-1"]
[WhiteElo "1725"]
[BlackElo "1363"]

1. Nf3 b6 2. e4 d5 3. h3 dxe4 4. d4 exf3 5. Qxf3 c6 6. a3 Bb7 7. Bc4 e6 8. Bd2
Qxd4 9. Qc3 Qe4+ 10. Be2 Qxg2 11. Bf3 Qg6 12. Be3 a5 13. Bxb6 Qf5 14. Nd2 Nd7
15. Be3 e5 16. O-O-O Ngf6 17. Bxc6 Rc8 18. Bxd7+ Nxd7 19. Qxa5 Bxh1 20. Rxh1
Qxc2# 0-1

[Event "Let's Play Chess!"]
[Site "http://www.queenalice.com/game.php?id=1637767"]
[Date "2020.12.26"]
[Round "-"]
[White "edkgpp"]
[Black "ulisses67"]
[Result "1-0"]
[WhiteElo "1815"]
[BlackElo "1354"]

1. d4 d5 2. c4 g6 3. Nc3 dxc4 4. e4 Bg7 5. Nf3 Bg4 6. Be2 h5 7. h3 Bxf3 8. Bxf3
Bxd4 9. O-O e5 10. Qa4+ Nc6 11. Qxc4 f5 12. Rd1 Na5 13. Qe6+ Ne7 14. Bg5 Nc6 15.
Nd5 fxe4 16. Bxe4 Rg8 17. Nf6+ Kf8 18. Nxg8 Qd6 19. Bxe7+ Nxe7 20. Qxd6 cxd6 21.
Nxe7 Kxe7 22. Rxd4 exd4 23. Bxg6 h4 24. f4 Kf6 25. Be4 Rb8 26. Rd1 Rc8 27. Rxd4
Rc1+ 28. Kf2 Ke6 29. Bxb7 Rc2+ 30. Kf3 Rxb2 31. Bd5+ Kf6 32. Bb3 Ke7 33. f5 Kf6
34. Rxh4 Kxf5 35. Ra4 Rd2 36. g4+ Kf6 37. h4 Rd3+ 38. Kf4 d5 39. g5+ Kg6 40. Bc2
Kh5 41. Bxd3 Kxh4 42. g6 Kh5 43. g7 Kh6 44. g8=Q Kh5 45. Ke5 Kh6 46. Rh4# 1-0

[Event "Let's Play Chess!"]
[Site "http://www.queenalice.com/game.php?id=1637768"]
[Date "2020.12.26"]
[Round "-"]
[White "ulisses67"]
[Black "edkgpp"]
[Result "1-0"]
[WhiteElo "1350"]
[BlackElo "1100"]

1. c4 Nf6 2. Nc3 d5 3. Qa4+ Bd7 4. Nb5 a6 5. c5 Bxb5 6. Qb4 Nc6 7. Qf4 e5 8. Qg3
g6 9. a4 Nd4 10. Qxe5+ Ne6 11. axb5 axb5 12. Rxa8 Qxa8 13. Qxf6 Qa1 14. Kd1 Bxc5
15. Qxh8+ Ke7 16. e3 c6 17. Ne2 d4 18. exd4 Nxd4 19. Qe5+ Ne6 20. Nf4 Bd6 21.
Qe4 Qa4+ 22. Qxa4 bxa4 23. Nh3 b5 24. d3 b4 25. Bd2 a3 26. bxa3 bxa3 27. Bc3 a2
28. Kc2 Nc5 29. Ba1 Na4 30. Kb3 Nb6 31. Kxa2 1-0